<?xml version="1.0" encoding="UTF-8"?>
<record
    xmlns:xsi="http://www.w3.org/2001/XMLSchema-instance"
    xsi:schemaLocation="http://www.loc.gov/MARC21/slim http://www.loc.gov/standards/marcxml/schema/MARC21slim.xsd"
    xmlns="http://www.loc.gov/MARC21/slim">

  <leader>01314    a2200169   4500</leader>
  <controlfield tag="003">Nust</controlfield>
  <controlfield tag="005">20230529110024.0</controlfield>
  <datafield tag="040" ind1=" " ind2=" ">
    <subfield code="c">Nust</subfield>
  </datafield>
  <datafield tag="082" ind1=" " ind2=" ">
    <subfield code="a">808.83,HOP</subfield>
  </datafield>
  <datafield tag="100" ind1=" " ind2=" ">
    <subfield code="a">Hope Anthony</subfield>
    <subfield code="9">107570</subfield>
  </datafield>
  <datafield tag="245" ind1=" " ind2=" ">
    <subfield code="a">Simon Dale</subfield>
    <subfield code="c">Anthony Hope</subfield>
  </datafield>
  <datafield tag="260" ind1=" " ind2=" ">
    <subfield code="a">London</subfield>
    <subfield code="b">George G</subfield>
  </datafield>
  <datafield tag="300" ind1=" " ind2=" ">
    <subfield code="a">345:p</subfield>
  </datafield>
  <datafield tag="505" ind1=" " ind2=" ">
    <subfield code="a">The child of prophecy (Page-7), The way of youth (Page-19), The music of the world (Page-30), Cydaria revealed (Page-42), I am forbidden to forget (Page-54), An invitation to court (Page-68), What came of honesty (Page-82), Madness magic and moonshine (Page-96), Of gems and pebbles (Page-109), Je viens, tu viens, il vient (Page-124), The gentlemen from Calais (Page-138), The deference of his grace and duke (Page-153), The meed of curiosity (Page-168), The king&#x2019;s cup (Page-184), M. De Perrencourt whispers (Page-198), M. De perrencourt wonders (Page-212), What befell my last guinea (Page-227), Some mighty silly business (Page-243), A night on the road (Page-258), The vicar&#x2019;s proposition (Page-270), The strange comjuncture of two gentlemen (Page-282), The device of lord carford (Page-295), A pleasant penitence (Page-308(Page-), A comedy before the king (Page-323), The mind of M. De fontelles (Page-335), I come home (Page-347).                </subfield>
  </datafield>
  <datafield tag="650" ind1=" " ind2=" ">
    <subfield code="a">A novel</subfield>
    <subfield code="9">107173</subfield>
  </datafield>
  <datafield tag="942" ind1=" " ind2=" ">
    <subfield code="2">ddc</subfield>
    <subfield code="c">BK</subfield>
  </datafield>
  <datafield tag="999" ind1=" " ind2=" ">
    <subfield code="c">186909</subfield>
    <subfield code="d">186909</subfield>
  </datafield>
  <datafield tag="952" ind1=" " ind2=" ">
    <subfield code="0">0</subfield>
    <subfield code="1">0</subfield>
    <subfield code="2">ddc</subfield>
    <subfield code="4">0</subfield>
    <subfield code="7">0</subfield>
    <subfield code="a">MCS</subfield>
    <subfield code="b">MCS</subfield>
    <subfield code="c">GEN</subfield>
    <subfield code="d">2016-12-12</subfield>
    <subfield code="o">808.83,HOP</subfield>
    <subfield code="p">MCS29891</subfield>
    <subfield code="r">2016-12-08</subfield>
    <subfield code="w">2016-12-12</subfield>
    <subfield code="y">BK</subfield>
    <subfield code="z">Almirah No.56, Shelf No.6</subfield>
  </datafield>
</record>
